Requirements Engineering: Foundation for Software Quality (Запис № 447999)

МАРК-запис
000 -LEADER
fixed length control field 04638nam a22006855i 4500
001 - CONTROL NUMBER
control field 978-3-319-54045-0
003 - CONTROL NUMBER IDENTIFIER
control field DE-He213
005 - DATE AND TIME OF LATEST TRANSACTION
control field 20210118131934.0
007 - PHYSICAL DESCRIPTION FIXED FIELD--GENERAL INFORMATION
fixed length control field cr nn 008mamaa
008 - FIXED-LENGTH DATA ELEMENTS--GENERAL INFORMATION
fixed length control field 170220s2017 gw | s |||| 0|eng d
020 ## - INTERNATIONAL STANDARD BOOK NUMBER
International Standard Book Number 9783319540450
-- 978-3-319-54045-0
024 7# - OTHER STANDARD IDENTIFIER
Standard number or code 10.1007/978-3-319-54045-0
Source of number or code doi
050 #4 - LIBRARY OF CONGRESS CALL NUMBER
Classification number QA76.758
072 #7 - SUBJECT CATEGORY CODE
Subject category code UMZ
Source bicssc
072 #7 - SUBJECT CATEGORY CODE
Subject category code COM051230
Source bisacsh
072 #7 - SUBJECT CATEGORY CODE
Subject category code UMZ
Source thema
082 04 - DEWEY DECIMAL CLASSIFICATION NUMBER
Classification number 005.1
Edition number 23
245 10 - TITLE STATEMENT
Title Requirements Engineering: Foundation for Software Quality
Medium [electronic resource] :
Remainder of title 23rd International Working Conference, REFSQ 2017, Essen, Germany, February 27 – March 2, 2017, Proceedings /
Statement of responsibility, etc edited by Paul Grünbacher, Anna Perini.
250 ## - EDITION STATEMENT
Edition statement 1st ed. 2017.
264 #1 -
-- Cham :
-- Springer International Publishing :
-- Imprint: Springer,
-- 2017.
300 ## - PHYSICAL DESCRIPTION
Extent XIX, 380 p. 88 illus.
Other physical details online resource.
336 ## -
-- text
-- txt
-- rdacontent
337 ## -
-- computer
-- c
-- rdamedia
338 ## -
-- online resource
-- cr
-- rdacarrier
347 ## -
-- text file
-- PDF
-- rda
490 1# - SERIES STATEMENT
Series statement Programming and Software Engineering ;
Том/ позначення послідовності 10153
505 0# - FORMATTED CONTENTS NOTE
Formatted contents note Use case models -- Ecosystems and innovation -- Human factors in requirements engineering -- Goal-orientation in requirements engineering -- Communication and collaboration.-Process and tool integration -- Visualization and representation of requirements -- Agile requirements engineering -- Natural language processing, information retrieval and machine learning -- Traceability -- Quality of natural language requirements.-Research methodology in requirements engineering.
520 ## - SUMMARY, ETC.
Summary, etc This book constitutes the proceedings of the 23rd International Working Conference on Requirements Engineering - Foundation for Software Quality, REFSQ 2017, held in Essen, Germany, in February/March 2017. The 16 full papers and 10 short papers presented in this volume were carefully reviewed and selected from 77 submissions. The papers were organized in topical sections named: use case models; ecosystems and innovation; human factors in requirements engineering; goal-orientation in requirements engineering; communication and collaboration; process and tool integration; visualization and representation of requirements; agile requirements engineering; natural language processing, information retrieval and machine learning traceability; quality of natural language requirements; research methodology in requirements engineering.
506 ## - RESTRICTIONS ON ACCESS NOTE
Terms governing access Available to subscribing member institutions only. Доступно лише організаціям членам підписки.
506 ## - RESTRICTIONS ON ACCESS NOTE
Standardized terminology for access restriction Online access from local network of NaUOA.
506 ## - RESTRICTIONS ON ACCESS NOTE
Standardized terminology for access restriction Online access with authorization at https://link.springer.com/
506 ## - RESTRICTIONS ON ACCESS NOTE
Standardized terminology for access restriction Онлайн-доступ з локальної мережі НаУОА.
506 ## - RESTRICTIONS ON ACCESS NOTE
Standardized terminology for access restriction Онлайн доступ з авторизацією на https://link.springer.com/
650 #0 - SUBJECT ADDED ENTRY--TOPICAL TERM
Topical term or geographic name as entry element Software engineering.
650 #0 - SUBJECT ADDED ENTRY--TOPICAL TERM
Topical term or geographic name as entry element Computers.
650 #0 - SUBJECT ADDED ENTRY--TOPICAL TERM
Topical term or geographic name as entry element Management information systems.
650 #0 - SUBJECT ADDED ENTRY--TOPICAL TERM
Topical term or geographic name as entry element Computer science.
650 #0 - SUBJECT ADDED ENTRY--TOPICAL TERM
Topical term or geographic name as entry element Application software.
650 #0 - SUBJECT ADDED ENTRY--TOPICAL TERM
Topical term or geographic name as entry element Computer logic.
650 #0 - SUBJECT ADDED ENTRY--TOPICAL TERM
Topical term or geographic name as entry element Information storage and retrieval.
650 14 - SUBJECT ADDED ENTRY--TOPICAL TERM
Topical term or geographic name as entry element Software Engineering.
-- http://scigraph.springernature.com/things/product-market-codes/I14029
650 24 - SUBJECT ADDED ENTRY--TOPICAL TERM
Topical term or geographic name as entry element The Computing Profession.
-- http://scigraph.springernature.com/things/product-market-codes/I24075
650 24 - SUBJECT ADDED ENTRY--TOPICAL TERM
Topical term or geographic name as entry element Management of Computing and Information Systems.
-- http://scigraph.springernature.com/things/product-market-codes/I24067
650 24 - SUBJECT ADDED ENTRY--TOPICAL TERM
Topical term or geographic name as entry element Information Systems Applications (incl. Internet).
-- http://scigraph.springernature.com/things/product-market-codes/I18040
650 24 - SUBJECT ADDED ENTRY--TOPICAL TERM
Topical term or geographic name as entry element Logics and Meanings of Programs.
-- http://scigraph.springernature.com/things/product-market-codes/I1603X
650 24 - SUBJECT ADDED ENTRY--TOPICAL TERM
Topical term or geographic name as entry element Information Storage and Retrieval.
-- http://scigraph.springernature.com/things/product-market-codes/I18032
700 1# - ADDED ENTRY--PERSONAL NAME
Personal name Grünbacher, Paul.
Relator term editor.
Relator code edt
-- http://id.loc.gov/vocabulary/relators/edt
700 1# - ADDED ENTRY--PERSONAL NAME
Personal name Perini, Anna.
Relator term editor.
Relator code edt
-- http://id.loc.gov/vocabulary/relators/edt
710 2# - ADDED ENTRY--CORPORATE NAME
Corporate name or jurisdiction name as entry element SpringerLink (Online service)
773 0# - HOST ITEM ENTRY
Title Springer eBooks
776 08 - ADDITIONAL PHYSICAL FORM ENTRY
Display text Printed edition:
International Standard Book Number 9783319540443
776 08 - ADDITIONAL PHYSICAL FORM ENTRY
Display text Printed edition:
International Standard Book Number 9783319540467
830 #0 - SERIES ADDED ENTRY--UNIFORM TITLE
Uniform title Programming and Software Engineering ;
Volume number/sequential designation 10153
856 40 - ELECTRONIC LOCATION AND ACCESS
Uniform Resource Identifier <a href="https://doi.org/10.1007/978-3-319-54045-0">https://doi.org/10.1007/978-3-319-54045-0</a>
912 ## -
-- ZDB-2-SCS
912 ## -
-- ZDB-2-LNC
942 ## - ADDED ENTRY ELEMENTS (KOHA)
Koha item type ЕКнига

Немає доступних примірників.